000 00442nam a22001577a 4500
008 160707b xxu||||| |||| 00| 0 eng d
020 _a080167882X
040 _aBSU
_cBSU
082 _25th ed
_a610.73 WON
100 _aWong. L.Donna
_921090
245 _aWaley and Wong's Nursing Care of Infants and Children
260 _aSt.Louis
_bMosby
_c1995
300 _aXXXvii, 2008 P
_b676 ill
_c29cm
650 _aMidwifery
_95712
942 _2ddc
_cBK
999 _c10773
_d10773